Documentos básicos

保存先:
書誌詳細
団体著者: Universidad para la paz
フォーマット: 不明
出版事項: San José: Imprenta Nacional
タグ: タグ追加
タグなし, このレコードへの初めてのタグを付けませんか!

MARC

LEADER 00000 a2200000 04500
001 15305
003
008 991231s d
040
090 |a 018403  
110 |a Universidad para la paz  
245 |a Documentos básicos  
260 |a San José:   |b Imprenta Nacional  
300 |a 264 p.  
999 |c 8045  |d 8045